| Поле | Инд. | ПП | Название | Значение |
|---|---|---|---|---|
| Тип записи | a | |||
| Библиографический уровень | a | |||
| 001 | Контрольный номер | 9f5b005f88524f85abd65d0705bab767 | ||
| 005 | Дата корректировки | 20170301133949.5 | ||
| 020 | a | ISBN | 5-02-010266-0 | |
| 040 | a | Служба первич. каталог. | НБ ТвГУ | |
| b | Код языка каталог. | rus | ||
| e | Правила каталог. | PSBO | ||
| 041 | 0_ | a | Код языка текста | rus |
| 097 | b | Оператор | novikova | |
| 100 | 1_ | a | Автор | Зудов Юрий Валерьевич |
| q | Полное имя | Зудов Ю. В. | ||
| 245 | 10 | a | Заглавие | Евангелическо-лютеранская церковь Дании: история, структура и современное состояние |
| 260 | a | Место издания | Москва | |
| b | Издательство | Наука | ||
| 504 | a | Библиография | Библиогр.: с. 231-233 (44 назв.) | |
| 520 | 0_ | a | Аннотация | В данной работе рассматривается история и современное состояние Датской церкви - Евангелическо-лютеранской церкви. |
| 653 | 0_ | a | Ключевые слова | Евангелическо-лютеранская церковь |
| a | Ключевые слова | Дания, страна | ||
| a | Ключевые слова | Христианство | ||
| a | Ключевые слова | Датская церковь | ||
| a | Ключевые слова | Протестантизм | ||
| a | Ключевые слова | Народная церковь | ||
| 773 | 18 | w | Контрольный № источника | RU/IS/BASE/318428191 |
| t | Название источника | Северная Европа | ||
| d | Место и дата издания | Москва : Наука, 2005 | ||
| g | Прочая информация | Вып. 5. - С. 213-233 | ||
| 901 | t | Тип документа | a | |
| 920 | a | Оператор | Нови |